Countries that border Austria - Statistics

General Stats
  • This quiz has been taken 4 times
  • The average score is 7 of 8
Answer Stats
Starts with… Answer % Correct
G Germany
100%
H Hungary
100%
Czech ______ Republic
100%
S Slovakia
100%
S Slovenia
100%
I Italy
75%
L Liechtenstein
75%
S Switzerland
50%
No matching quizzes found
Score Distribution
Percent of People with Each Score
Percentile by Number Answered
Your Score History
You have not taken this quiz